| 000 | 00617nam a2200229Ia 4500 | ||
|---|---|---|---|
| 003 | OSt | ||
| 005 | 20231102124030.0 | ||
| 008 | 210324s9999||||xx |||||||||||||| ||und|| | ||
| 040 | _cSTCPL | ||
| 041 | _aENG | ||
| 082 |
_a516 _bRAM-E |
||
| 100 | _aRamanathan, A. | ||
| 245 | 0 |
_aElements of pure geometry : _bCovering modern plane geometry, geometrical conics and solid geometry / _cby A. Ramanathan |
|
| 250 | _a3rd ed. | ||
| 260 |
_aMadras : _bA. Ramanathan , _c1953 . |
||
| 300 |
_a171 p. _bHB |
||
| 650 | _aGeometry | ||
| 650 | _aSolid geometry | ||
| 650 | _aMaxima and minima | ||
| 942 | _cBK | ||
| 942 | _2ddc | ||
| 999 |
_c4309 _d4309 |
||